Métropoles de France - Statistiques

Statistiques générales
  • Ce quiz a été pris 17 015 fois
  • Le résultat moyen est 18 sur 22
Réponses sur la Carte
Les réponses sont colorées sur une échelle allant du rouge au vert en fonction du pourcentage des utilisateurs qui les ont devinées à leur premier essai. Vous pouvez retrouver ces pourcentages ci-dessous.
 
Statistiques - réponses
Population Nom % Correct
7,10 M Métropole du Grand Paris
100%
1,91 M Métropole d'Aix-Marseille-Provence
99%
1,43 M Métropole de Lyon
98%
1,18 M Métropole européenne de Lille
98%
830k Bordeaux Métropole
97%
510k Eurométropole de Strasbourg
96%
820k Toulouse Métropole
96%
560k Métropole Nice Côte d'Azur
94%
680k Nantes Métropole
91%
470k Rennes Métropole
89%
510k Montpellier Méditerranée Métropole
85%
210k Brest Métropole
82%
260k Dijon Métropole
75%
450k Grenoble-Alpes Métropole
69%
300k Clermont Auvergne Métropole
67%
230k Eurométropole de Metz
65%
500k Métropole Rouen Normandie
65%
290k Orléans Métropole
62%
450k Toulon-Provence-Méditerranée
62%
260k Métropole du Grand Nancy
60%
410k Saint-Etienne Métropole
59%
300k Tours Métropole Val de Loire
57%
Aucun quiz correspondant
Distribution des résultats
% des personnes avec chaque résultat
Percentile par nombre de réponses
Votre historique - résultats
Vous n’avez pas pris ce quiz